Normal view
MARC view
- Purchasing.
Entry Topical Term
001 - CONTROL NUMBER
- control field: 27060
003 - CONTROL NUMBER IDENTIFIER
- control field: NUST
005 - DATE AND TIME OF LATEST TRANSACTION
- control field: 20191217103220.0
008 - FIXED-LENGTH DATA ELEMENTS
- fixed length control field: 191217|| aca||aabn | a|a d
040 ## - CATALOGING SOURCE
- Original cataloging agency: NUST
- Transcribing agency: NUST
150 ## - HEADING--TOPICAL TERM
- Topical term or geographic name entry element: Purchasing.
670 ## - SOURCE DATA FOUND
- Source citation: Work cat.: (NUST)0: Lysons, Kenneth, author. 27059, Procurement and supply chain management /
